The Agony of Silence / (Record no. 25383)
[ view plain ]
| 000 -LEADER | |
|---|---|
| fixed length control field | 00459nam a22001697a 4500 |
| 003 - CONTROL NUMBER IDENTIFIER | |
| control field | BDDh-ASL |
| 005 - DATE AND TIME OF LATEST TRANSACTION | |
| control field | 20231015030502.0 |
| 008 - FIXED-LENGTH DATA ELEMENTS--GENERAL INFORMATION | |
| fixed length control field | 210714s1994 bg ||||| |||| 00| 0 eng d |
| 040 ## - CATALOGING SOURCE | |
| Original cataloging agency | BDDh-ASL |
| Transcribing agency | BDDh-ASL |
| 082 ## - DEWEY DECIMAL CLASSIFICATION NUMBER | |
| Classification number | 301 |
| Item number | CHA |
| 100 1# - MAIN ENTRY--PERSONAL NAME | |
| 9 (RLIN) | 4180 |
| Personal name | Chowdhury, Shamima |
| 245 14 - TITLE STATEMENT | |
| Title | The Agony of Silence / |
| 260 ## - PUBLICATION, DISTRIBUTION, ETC. | |
| Place of publication, distribution, etc. | Dhaka: |
| Name of publisher, distributor, etc. | Centre for Sustainable Development, |
| Date of publication, distribution, etc. | 1994. |
| 300 ## - PHYSICAL DESCRIPTION | |
| Extent | 62 p. : |
| Dimensions | 22 cm. |
| 650 #0 - SUBJECT ADDED ENTRY--TOPICAL TERM | |
| 9 (RLIN) | 2503 |
| Topical term or geographic name entry element | Society |
| 942 ## - ADDED ENTRY ELEMENTS (KOHA) | |
| Source of classification or shelving scheme | Dewey Decimal Classification |
| Koha item type | Books |
| Withdrawn status | Lost status | Source of classification or shelving scheme | Damaged status | Not for loan | Collection code | Home library | Current library | Shelving location | Date acquired | Source of acquisition | Total Checkouts | Full call number | Barcode | Date last seen | Copy number | Price effective from | Koha item type |
|---|---|---|---|---|---|---|---|---|---|---|---|---|---|---|---|---|---|
| Dewey Decimal Classification | Non-fiction | Asiatic Society Library | Asiatic Society Library | Sirajul Islam Collection | 07/14/2021 | Donated by Professor Sirajul Islam, FRHS | 301 CHA | 110143 | 07/14/2021 | C-1 | 07/14/2021 | Books |